Principles of auditing : (Record no. 5840)

MARC details
000 -LEADER
fixed length control field 00540cam a2200193ua 4500
001 - CONTROL NUMBER
control field 6697
005 - DATE AND TIME OF LATEST TRANSACTION
control field 20260515114106.0
008 - FIXED-LENGTH DATA ELEMENTS--GENERAL INFORMATION
fixed length control field 140308n ii |||gr||||Z||||||eng
040 ## - CATALOGING SOURCE
Transcribing agency MAIN
082 ## - DEWEY DECIMAL CLASSIFICATION NUMBER
Classification number 657.45
245 ## - TITLE STATEMENT
Title Principles of auditing :
Remainder of title a practical manual for students and practitioners /
Statement of responsibility, etc. By F.R.M. de Paula .
250 ## - EDITION STATEMENT
Edition statement 13th ed.
260 ## - PUBLICATION, DISTRIBUTION, ETC.
Place of publication, distribution, etc. London:
Name of publisher, distributor, etc. English language book society,
Date of publication, distribution, etc. 1966.
300 ## - PHYSICAL DESCRIPTION
Extent xxi,425p.
653 ## - INDEX TERM--UNCONTROLLED
Uncontrolled term Accounting
653 ## - INDEX TERM--UNCONTROLLED
Uncontrolled term Auditing
700 ## - ADDED ENTRY--PERSONAL NAME
Personal name Paula,F.R.M. de,
Relator term Author.
942 ## - ADDED ENTRY ELEMENTS (KOHA)
Koha item type Books
Holdings
Withdrawn status Lost status Damaged status Not for loan Home library Current library Shelving location Date acquired Total checkouts Full call number Barcode Date last seen Copy number Price effective from Koha item type
        Naharkatiya College Library Naharkatiya College Library General stacks 09/19/2020   657.45 | PAU 13900 09/19/2020 1 09/19/2020 Books